Normal view
MARC view
- Muhammad Ali Fahad Umar Sheraz Muhammad Moin Ud Din Muhammad Abdullah
Entry Personal Name
001 - CONTROL NUMBER
- control field: 100954
003 - CONTROL NUMBER IDENTIFIER
- control field: NUST
005 - DATE AND TIME OF LATEST TRANSACTION
- control field: 20221020111418.0
008 - FIXED-LENGTH DATA ELEMENTS
- fixed length control field: 221020|| aca||aabn | a|a d
040 ## - CATALOGING SOURCE
- Original cataloging agency: NUST
- Transcribing agency: NUST
100 ## - HEADING--PERSONAL NAME
- Personal name: Muhammad Ali Fahad Umar Sheraz Muhammad Moin Ud Din Muhammad Abdullah
670 ## - SOURCE DATA FOUND
- Source citation: Work cat.: (NUST): Muhammad Ali Fahad Umar Sheraz Muhammad Moin Ud Din Muhammad Abdullah , PR-SOF-2171- Design and Fabrication of Experimental Setup To Study The Erosion of Steel By Wet Sand Particle Impact, 2022.
